|
|
|
|
| LEADER |
00000nab a2200000 a 4500 |
| 001 |
vtls008632224 |
| 003 |
SK-MaSNL |
| 005 |
20260305035551.0 |
| 008 |
140429c2005 xo |||| | ab 000 b|slo |
| 015 |
|
|
|a SNBRB2006/03
|2 snkbucl
|
| 038 |
|
|
|a SNKBUCL
|
| 040 |
|
|
|a SNKBUCL
|b slo
|c SNKBUCL
|e AACR2
|
| 041 |
0 |
|
|a slo
|b eng
|b ger
|
| 044 |
|
|
|a xo
|c SK
|
| 080 |
|
|
|a 904:681.8
|x (437.6)
|x "16"
|2 1997
|
| 080 |
|
|
|a 681.816.61
|x (437.6)
|x "16"
|2 1997
|
| 080 |
|
|
|a 247.3
|x (437.6)
|x "16"
|2 1997
|
| 100 |
1 |
|
|a Kolbiarz Chmelinová, Katarína,
|d 1975-
|4 aut
|9 217268
|
| 245 |
1 |
0 |
|a Hudobné motívy na spišských organoch zo 17. storočia
|c Katarína Chmelinová, Jana Kalinayová-Bartová
|
| 500 |
|
|
|a Resumé preložila Oľga Horská a Ute Kurdelová
|
| 504 |
|
|
|a Bibliogr. odkazy
|
| 546 |
|
|
|a Res. angl., nem. na s. 75-76 a 79-80
|
| 648 |
|
7 |
|a 17. stor.
|2 snkbucl
|9 288141
|
| 650 |
0 |
7 |
|a organ (hudobný nástroj)
|2 snkbucl
|9 170726
|
| 650 |
0 |
7 |
|a hudobné motívy
|2 snkbucl
|9 84610
|
| 651 |
|
7 |
|a Spiš (Slovensko : región)
|2 snkbucl
|9 17692
|
| 700 |
1 |
|
|a Bartová, Jana,
|d 1964-
|4 aut
|9 217632
|
| 700 |
1 |
|
|a Hadrabová-Horská, Oľga,
|d 1935-
|4 trl
|9 115526
|
| 700 |
1 |
|
|a Kurdelová, Ute
|4 trl
|9 8827
|
| 773 |
0 |
|
|t Pamiatky a múzeá
|g Č. 4 (2005), s. 35-41
|x 1335-4353
|
| 852 |
|
|
|a SNK
|b KIS3GCP
|
| 958 |
|
|
|a NB
|
| 958 |
|
|
|a NT
|
| 999 |
|
|
|c 3334591
|d 3336521
|